LEADER 01124nam0-2200349---450 001 990008271810403321 005 20220511092547.0 010 $a88-495-1108-6 035 $a000827181 035 $aFED01000827181 035 $a(Aleph)000827181FED01 100 $a20060213d2005----km-y0itay50------ba 101 1 $aita 102 $aIT 105 $aa-------001yy 200 1 $aUnità dell'architettura e integrazione delle discipline$el'esperienza di un laboratorio di sintesi nel terzo anno del corso di laurea specialistica quinquennale$fPasquale Miano 210 $aNapoli$cESI$d2005 215 $a123 p.$cill.$d17 cm 610 0 $aProgettazione urbana$aPaesaggi 676 $a719 700 1$aMiano,$bPasquale$f<1957- >$010026 801 0$aIT$bUNINA$gRICA$2UNIMARC 901 $aBK 912 $a990008271810403321 952 $aA 304 CAN$b4407/1048$fDARPU 952 $aA 736 CAN$b4408/1048$fDARPU 952 $aA 737 CAN$b4409/1048$fDARPU 952 $a353040$b2608$fDCATA 959 $aDARPU 959 $aDCATA 996 $aUnità dell'architettura e integrazione delle discipline$9741324 997 $aUNINA LEADER 02680oam 2200673 450 001 9910713377803321 005 20200326111927.0 035 $a(CKB)5470000002499863 035 $a(OCoLC)985370896 035 $a(OCoLC)995470000002499863 035 $a(EXLCZ)995470000002499863 100 $a20170503d1984 ua 0 101 0 $aeng 135 $aurbn||||||||| 181 $ctxt$2rdacontent 182 $cc$2rdamedia 183 $acr$2rdacarrier 200 12$aA reconnaissance of the water resources of the Shoalwater Bay Indian Reservation and adjacent areas, Pacific County, Washington, 1978-1979 /$fby W.E. Lum II 210 1$aTacoma, Washington :$cU.S. Geological Survey,$d1984. 215 $a1 online resource (vi, 34 pages) $cillustrations, maps 225 1 $aWater-resources investigations report ;$v83-4165 300 $a"Prepared in cooperation with the Shoalwater Bay Indian Tribe." 300 $aTables. 320 $aIncludes bibliographical references (pages 33-34). 606 $aWater-supply$zWashington (State)$zShoalwater Bay Indian Reservation 606 $aWater-supply$zWashington (State)$zPacific County 606 $aWater quality$zWashington (State)$zShoalwater Bay Indian Reservation 606 $aWater quality$zWashington (State)$zPacific County 606 $aWater resources development$zWashington (State)$zShoalwater Bay Indian Reservation 606 $aWater resources development$zWashington (State)$zPacific County 606 $aWater quality$2fast 606 $aWater resources development$2fast 606 $aWater-supply$2fast 607 $aShoalwater Bay Indian Reservation (Wash.) 607 $aWashington (State)$2fast 607 $aWashington (State)$zPacific County$2fast 607 $aWashington (State)$zShoalwater Bay Indian Reservation$2fast 615 0$aWater-supply 615 0$aWater-supply 615 0$aWater quality 615 0$aWater quality 615 0$aWater resources development 615 0$aWater resources development 615 7$aWater quality. 615 7$aWater resources development. 615 7$aWater-supply. 700 $aLum$b W. E.$cII$g(William E.),$01389676 712 02$aGeological Survey (U.S.), 712 02$aShoalwater Bay Tribe of the Shoalwater Bay Indian Reservation, Washington. 801 0$bCOP 801 1$bCOP 801 2$bOCLCO 801 2$bOCLCF 801 2$bOCLCA 801 2$bGPO 906 $aBOOK 912 $a9910713377803321 996 $aA reconnaissance of the water resources of the Shoalwater Bay Indian Reservation and adjacent areas, Pacific County, Washington, 1978-1979$93476050 997 $aUNINA